Cultura generale ITA #13 - Statistics

Statistiche generali
  • Questo quiz è stato fatto 458 volte
    452 dall'ultimo reset
  • Il punteggio medio è 9 su 20
Statistiche sulle risposte
Hint Risposta % Corretto
In italia si festeggia il 2 giugno Festa della Repubblica Italiana
98%
Numero che se elevato a qualsiasi altro numero da come risultato uno Uno
95%
Anno della caduta del muro di Berlino 1989
91%
Famosa via di Napoli Spaccanapoli
56%
Il nome di Istanbul all'epoca dell'impero romano (prima del 330) Bisanzio
52%
Termine latino usato per descrivere i passaggi dell'approvazione di una legge Iter
52%
Il regista di film come "La grande bellezza" e "Il divo" Paolo Sorrentino
51%
L'inventore del telefono Antonio Meucci
44%
Personaggio dell'antica Roma che tentò un colpo di stato. Venne smascherato da Cicerone in una famosa orazione Lucio Sergio Catilina
39%
Il nome di Dante è un'abbreviazione. Qual è il nome completo? Durante
38%
La multinazionale di Enrico Mattei Eni
37%
Il voltaggio domestico standard italiano 220 | 230 volt
35%
Paese con più band heavy metal pro capite Finlandia
30%
In alcuni posti d'Italia sono tipici quelli a secco Muri
28%
Può essere, ad esempio, lombare o endovenosa Puntura
27%
Il nome dell'antagonista del primo film di Kung Fu Panda Tai Lung
23%
Il videogioco inventato da Markus Persson Minecraft
21%
Posto a Genova raccontato in una canzone di Fabrizio De André Via del campo
19%
Termine arabo che indica il sovrano della monarchia universale musulmana Imam
16%
Città universitaria, famosa per gli studi in astronomia, e uno dei principali centri religiosi e culturali della scandinavia Uppsala
5%
Nessun quiz corrispondente trovato
Distribuzione punteggi
Percentuale di utenti per punteggio
Percentile per numero di risposta
I tuoi punteggi nel tempo
Non hai fatto questo quiz dall'ultimo reset